| 000 | 00556nam a2200157 4500 | ||
|---|---|---|---|
| 001 | 137974 | ||
| 003 | ES-MaACL | ||
| 005 | 20230906195458.0 | ||
| 007 | t| | ||
| 008 | 070214s1934 sp r ||||1| spa d | ||
| 100 | 1 |
_aSánchez Gali, Moisés. _9102652 |
|
| 245 | 1 | 3 |
_aEl Hogar de los Huérfanos _b: divulgación popular docente : de los orfanatos belgas de otros países y España / _cMoisés Sánchez Gali. |
| 260 |
_aMadrid : _bFundación Cooperativa Benéfico-docente, _c1934 ( _fIzaguirre) |
||
| 300 |
_a59 p. ; _c21 cm. |
||
| 852 |
_aES-MaACL _j1773-F-5 |
||
| 999 |
_c137974 _d137974 |
||